000 00645nam a2200229Ia 4500
003 OSt
005 20230509161624.0
008 210423s2002 xx 000 0 und d
020 _a81-261-1076-7
040 _cAL
041 _aeng
082 _a801.95 CHAN
100 _aCHANDRA (Suresh)
_9101534
245 _aNew issues new approaches: essays in literary criticism
260 _aNew Delhi
_bAnmol Publications
_c2002
300 _avii,217p
_bHB
365 _b500
_cINR
650 _aLiterary Theory
_9101535
650 _aLiterature
_9101536
906 _aapproaches: ; criticism ; essays ; issues ; literary ; New
942 _2ddc
_cBK
999 _c165732
_d165732